01070nam a2200241K 45000010005000000030008000050050017000130080041000300350017000710350035000880350017001230400037001400410008001770820022001852450071002072600038002783000031003165000101003475000237004485040035006856500030007207110078007509337BD-RjUL20211208234748.0140120s1962 nyua b 001 0 eng d aMITb10572780 a(OCoLC)07475004a(BD-RjUL)9382 aGLIS00572780 aPLFcPLFdm/cdRCDdBD-RjULbeng aeng a537.505bEXP 196210aExploding wires /cedited by William G. Chace and Howard K. Moore. aNew York /;bPlenum Press,c1962. a321 p. :billus. ;c22 cm. aProceedings of the 1st-4th Conference on the exploding wire phenomenon, held at Boston, 1959-67. a"Based on Conference on the Exploding Wire Phenomenon, April, 1959, 1961. Conducted by Geophysics Research Directorate, Air Force Cambridge Research Center with the cooperation of Lowell Technological Institute Research Foundation." aIncludes bibliographies Index. 0aExploding wire phenomena.2 aConference on the Exploding Wire Phenomenond(1959-1961 :cBoston, Mass.)